|
|
|
|
| LEADER |
00000nam a2200000 a 4500 |
| 001 |
vtls001116393 |
| 003 |
SK-MaSNL |
| 005 |
20260301104738.0 |
| 008 |
250414s1979 xo 0 slo |
| 015 |
|
|
|a SNBA1979
|
| 035 |
|
|
|a SNK000059236
|
| 040 |
|
|
|a SNK
|b slo
|c SNK
|e AACR2
|
| 041 |
0 |
|
|a slo
|
| 044 |
|
|
|a xo
|c SK
|
| 080 |
|
|
|a 070.4(024)
|2 1981
|
| 100 |
1 |
|
|a Majchrák, Andrej
|4 aut
|9 443944
|
| 245 |
1 |
0 |
|a Základy socialistickej žurnalistiky
|b Príručka pre redaktorov a dopisovateľov
|c Andrej Majchrák ; Zoltán Salamon
|
| 250 |
|
|
|a 2. preprac. vyd.
|
| 260 |
|
|
|a Bratislava
|b Práca
|c 1979
|e Bratislava
|f Svornosť
|
| 300 |
|
|
|a 216 s., 15,87 AH
|b Tb. Fot. Sch. Mp.
|c 21 cm
|
| 366 |
|
|
|e 6000 výtl.
|
| 490 |
0 |
|
|a Knižnica praktických príručiek práce
|v Zv. 1/79.
|
| 500 |
|
|
|a Lit. 62. Rozlož. tit. list. Žurnalist. slovníček. 62 zázn. lit. o knihách, čas. a zbor. v jaz. slov., čes. a rus.
|
| 700 |
1 |
|
|a Salamon, Zoltán
|4 bkd
|9 277415
|
| 852 |
|
|
|a Slovenská národná knižnica
|
| 954 |
|
|
|a novinárstvo
|a žáner novinársky
|
| 954 |
|
|
|a novinárstvo
|
| 958 |
|
|
|a OND
|
| 958 |
|
|
|a NB
|
| 958 |
|
|
|a TL
|
| 999 |
|
|
|c 699021
|d 700951
|
| 952 |
|
|
|a SNK
|b SNK
|y PREZ
|7 0
|p 17A0820565
|o snkSC 47407
|0 0
|1 0
|4 0
|d 2012-07-31
|l 0
|r 2025-10-29 00:00:00
|w 2026-02-23
|
| 952 |
|
|
|t P60, <04>, [BOOK], {604}
|a SNK
|b SNK
|y VYP
|7 0
|p 17A0093806
|o snkSC 47407 D1
|0 0
|1 0
|4 0
|d 1997-09-06
|l 0
|r 2004-12-31 00:00:00
|w 2026-02-23
|